000 00707cam a2200205 4500
001 ABS60839
008 000000n1999 000 0 eng u
035 _a(Sirsi) u101346
100 _aRoberts, J.
245 _aConflict in the air.
260 _c1999
490 _aEstates Gazette
_v(9925) 18 June 1999, 76-77(2)
520 _aEvaluates the potential for conflicts of interest in the four property companies which have recently merged with US firms, including the issue of co-investment in deals by agents and their clients.
650 _aMANAGEMENT-BUSINESS MANAGEMENT
650 _aMERGERS
650 _aPROPERTY INVESTMENT
650 _aUSA
690 _aPROFESSIONAL PRACTICE
942 _n0
999 _c60493
_d60493